Every Country To Have Won An Olympics - Statistics

General Stats
  • This quiz has been taken 26,147 times
  • The average score is 9 of 11
Answer Stats
# Year(s) Country % Correct
19 Summer: 1896, 1904, 1912, 1920, 1924, 1928, 1932, 1948, 1952, 1964, 1968, 1984, 1996, 2000, 2004, 2012, 2016, 2020, 2024 Winter: 1932 United States
100%
1 2008 China
96%
1 1900 France
94%
1 Summer: 1936 Winter: 1992, 1998, 2006 Germany
93%
1 1908 Great Britain
92%
11 1924, 1928, 1936, 1948, 1952, 1968, 2002, 2014, 2018, 2022, 2026 Norway
92%
1 2010 Canada
91%
1 1994 Russia
90%
1 1948 Sweden
90%
7 Summer: 1956, 1960, 1972, 1976, 1980, 1988, 1992 Winter: 1956, 1960, 1964, 1972, 1976, 1980, 1988 Soviet Union / Unified Team
72%
1 1984 East Germany
33%
No matching quizzes found
Score Distribution
Percent of People with Each Score
Percentile by Number Answered
Your Score History
You have not taken this quiz